| 000 | 00471nam a22001697a 4500 | ||
|---|---|---|---|
| 005 | 20240110120123.0 | ||
| 008 | 190917b xxu||||| |||| 00| 0 eng d | ||
| 020 | _a978-93-86478-50-4 | ||
| 041 | _aeng | ||
| 100 | _aRAJE,V.N | ||
| 245 | _aHUMAN ANATOMY AND PHYSIOLOGY FOR FIRST YEARS DIPLOMA IN PHARMACY | ||
| 250 | _a3rd ED. 2018 | ||
| 260 |
_aNEW DELHI _bCBS. PUBLISHERS AND DISTRIBUTORS PVT,LTD |
||
| 300 | _a189p, | ||
| 650 |
_aPHARMACY _xD.PHARMA |
||
| 942 | _cBK | ||
| 999 |
_c5997 _d5995 |
||